UM Logo

Control of distributed photovoltaic inverters for frequency support and system recovery / (Record no. 19116)

MARC details
000 -LEADER
fixed length control field 01116nam a22002417a 4500
003 - CONTROL NUMBER IDENTIFIER
control field OSt
005 - DATE AND TIME OF LATEST TRANSACTION
control field 20250913131936.0
008 - FIXED-LENGTH DATA ELEMENTS--GENERAL INFORMATION
fixed length control field 240213b ||||| |||| 00| 0 eng d
040 ## - CATALOGING SOURCE
Transcribing agency 0
082 ## - DEWEY DECIMAL CLASSIFICATION NUMBER
Classification number DPer 621.381 In821 April 2022 v. 37 n. 4
100 ## - MAIN ENTRY--PERSONAL NAME
Personal name Tafti, Hossein Dehgani.
Relator term author.
9 (RLIN) 52235
245 ## - TITLE STATEMENT
Title Control of distributed photovoltaic inverters for frequency support and system recovery /
Statement of responsibility, etc. Hossein Dehgani Tafti, Georgios Konstantinou, John E. Fletcher, Leonardo Callegaro, Glen G. Farivar, and Josep Pou.
260 ## - PUBLICATION, DISTRIBUTION, ETC. (IMPRINT)
Place of publication, distribution, etc. New York ;
Name of publisher, distributor, etc. The Institute of Electrical and Electronics Engineers, Inc. ,
Date of publication, distribution, etc. April 2022.
300 ## - PHYSICAL DESCRIPTION
Extent Volume 37, pages 4742-4750 :
Other physical details illustration ;
Dimensions 28 cm.
500 ## - GENERAL NOTE
General note IEEE Transaction on Power Electronics, vol. 37, no. 4, pages 4742-4750, April 2022.
700 ## - ADDED ENTRY--PERSONAL NAME
Personal name Tafti, Hossein Dehgani.
Relator term author.
9 (RLIN) 52235
700 ## - ADDED ENTRY--PERSONAL NAME
Personal name Konstantinou, Georgios.
Relator term author.
9 (RLIN) 52236
700 ## - ADDED ENTRY--PERSONAL NAME
Personal name Fletcher, John E.
Relator term author.
9 (RLIN) 52237
700 ## - ADDED ENTRY--PERSONAL NAME
Personal name Callegaro, Leonardo.
Relator term author.
9 (RLIN) 52238
700 ## - ADDED ENTRY--PERSONAL NAME
Personal name Farivar, Glen G.
Relator term author.
9 (RLIN) 52239
700 ## - ADDED ENTRY--PERSONAL NAME
Personal name Pou, Josep.
Relator term author.
9 (RLIN) 52240
942 ## - ADDED ENTRY ELEMENTS (KOHA)
Source of classification or shelving scheme Dewey Decimal Classification
Koha item type Periodicals
Holdings
Withdrawn status Lost status Source of classification or shelving scheme Damaged status Not for loan Collection code Home library Current library Date acquired Total Checkouts Full call number Date last seen Price effective from Koha item type Public note
    Dewey Decimal Classification     Periodicals UM Digos College - LIC UM Digos College - LIC 02/13/2024   DPer 621.381 In821 April 2022 v. 37 n. 4 02/13/2024 02/13/2024 Periodicals Periodical Article